Jakou má řízení národnost? z historie i současnosti managementu

Podnikateľská Amerika a vznik managementu. Charakteristika amerického, nemeckého, japonského a sovietského riadenia.

Gespeichert in:
Bibliographische Detailangaben
Format: Buchkapitel
Sprache:Tschechisch
Schlagworte:
Tags: Tag hinzufügen
Keine Tags, Fügen Sie das erste Tag hinzu!

MARC

LEADER 00000naa a2200000 4500
001 r034199
005 20231002100054.7
041 0 |a cze 
044 |a CZ 
245 1 0 |a Jakou má řízení národnost?  |b z historie i současnosti managementu 
520 |a Podnikateľská Amerika a vznik managementu. Charakteristika amerického, nemeckého, japonského a sovietského riadenia. 
610 2 0 |a manažerizmus 
610 2 0 |a riadenie podnikové 
610 2 0 |a história 
610 2 0 |a Nemecko 
610 2 0 |a Japonsko 
610 2 0 |a Rusko 
610 2 0 |a globalizácia 
610 2 0 |a USA